000 00559nam a2200181Ia 4500
003 GCL
008 140319s9999 xx 000 0 ara d
040 _aGCL /
_cGCL
082 0 4 _aط
_b813.085
_bم ن
100 1 _aمجدى صابر
245 1 0 _aالعش الدافى 5 /
_cمجدى صابر
260 _a[S.N] :
_bميدلايت المحدودة ،
_c1991
300 _a129 ص
490 _aندى روايات رومانسية للشباب
_v0
650 0 4 _aالقصص العاطفية
650 0 4 _aالقصص الرومانسية
942 _2ddc
_cBK
999 _c56515
_d56515